Les Chansons qui ont dépassés +1 Milliard de vues ! - Statistiques

Statistiques générales
  • Ce quiz a été pris 160 fois
    134 depuis la dernière actualisation
  • Le résultat moyen est 27 sur 180
Statistiques - réponses
Artiste Nombres de vues Nom de la Musique % Correct
Luis Fonsi 7 139 933 658 Despacito
80%
Ed Sheeran 5 133 409 839 Shape Of You
79%
Katy Perry 3 240 711 976 Roar
78%
Shakira 2 693 901 277 Waka Waka
72%
Sia 2 329 975 693 Chandelier
65%
Justin Bieber 2 386 545 413 Baby
61%
Adele 2 764 702 051 Hello
60%
Billie Eilish 1 032 175 938 Bad Guy
53%
Wiz Khalifa 4 896 280 575 See You Again
51%
Pharell Williams 1 091 055 436 Happy
50%
Justin Bieber 3 382 362 560 Sorry
43%
Mark Ronson 4 055 164 724 Uptown Funk
42%
PSY 3 916 964 213 Gangnam Style
40%
Major Lazer 2 949 437 491 Lean On
40%
Ed Sheeran 2 686 884 569 Perfect
39%
Twenty One Pilots 2 184 468 596 Stressed Out
39%
OMI 1 055 539 314 Cheerleader
38%
ImagineDragons 1 766 868 686 Believer
36%
Taylor Swift 3 002 344 913 Shake It Off
36%
Lukas Graham 1 077 167 603 7 Years
33%
Katy Perry 2 938 644 884 Dark Horse
33%
Tones And I 1 438 072 614 Dance Monkey
31%
Alan Walker 2 947 366 452 Faded
31%
Adele 1 620 223 450 Someone Like You
31%
Maroon 5 3 360 013 803 Sugar
31%
Rhianna 1 140 534 189 Work
29%
John Legend 1 840 501 379 All Of Me
28%
Avicii 2 002 434 414 Wake Me Up
28%
A-Ha 1 187 132 632 Take On Me
27%
Adele 1 763 285 315 Rolling In The Deep
26%
Martin Garrix 1 454 480 023 Animals
25%
OneRepublic 3 155 971 464 Counting Stars
25%
Rag'n'Bone Man 1 208 434 488 Human
25%
Ellie Goulding 2 170 030 705 Love Me Like You Do
25%
Shawn Mendes 1 179 964 588 Senorita
25%
Miley Cyrus 1 103 140 596 Wrecking Ball
25%
Taylor Swift 2 695 752 368 Blank Space
24%
Camila Cabello 1 752 869 263 Havana
23%
Passenger 2 874 816 112 Let Her Go
23%
Twenty One Pilots 1 078 891 138 Ride
23%
Rihanna 1 627 147 147 Diamonds
22%
The Weeknd 1 800 016 259 Starboy
22%
Ed Sheeran 3 153 790 283 Thinking Out Loud
22%
Daddy Yankee 2 151 122 569 Con Calma
21%
LMFAO 1 952 540 337 Party Rock Anthem
21%
ImaginDragons 1 233 516 229 Radioactive
21%
Clean Bandit 2 454 959 736 Rockabye
21%
Maroon 5 2 928 710 442 Girls Like You
20%
Linkin Park 1 516 799 440 Numb
20%
Jennifer Lopez 1 658 705 701 On the floor
20%
Sam Smith 1 066 415 563 Stay With Me
20%
David Guetta 1 383 911 263 Titanium
20%
Enrique Iglesias 2 952 615 427 Bailando
19%
Frozen 2 299 941 444 Let It Go
19%
Justin Bieber 1 584 854 293 Love Yourself
19%
Iggy Azalea 1 014 351 571 Fancy
18%
Naughty Boy 1 060 205 478 La La La
18%
Shakira 1 143 205 666 La La La
18%
Gotye 1 568 356 704 Somebody Thaht I Used To Know
18%
ImagineDragons 1 587 725 009 Thunder
18%
Twenty One Pilots 1 590 396 835 Heathens
17%
Katy Perry 1 306 385 356 Last Friday Night
17%
Eminem 1 162 295 887 Rap God
17%
DJ Snake 2 002 492 807 Taki Taki
17%
Charlie Puth 1 201 560 765 Attention
16%
Beyoncé 1 106 605 586 Halo
16%
BLACKPINK 1 165 415 862 Kill This Love
16%
Dua Lipa 2 318 392 736 New Rules
16%
Ellie Goudling 1 432 901 573 Burn
15%
Sia 1 571 141 756 Cheap Thrills
15%
Drake 1 243 521 161 God's Plan
15%
Eminem 1 040 102 930 Without Me
15%
Jessie J 1 605 435 696 Bang Bang
14%
Ariana Grande 1 078 114 457 Break
14%
The Chainsmokers 2 596 715 507 Closer
14%
Ariana Grande 1 261 314 334 Problem
14%
Macklemore 1 515 721 585 Thrift Shop
14%
Justin Bieber 2 128 780 965 What Do You Mean
14%
Lady Gaga 1 317 217 350 Bad Romance
13%
Shakira 2 611 301 39 Chantaje
13%
Cardi B 1 277 852 744 I Like It
13%
Nirvana 1 184 413 027 Smells Like Teen Spirit
13%
Linkin Park 1 115 120 279 In The end
11%
Eminem 2 130 173 271 Love The Way You Lie
11%
J Balvin 2 839 777 738 Mi Gente
11%
Ed Sheeran 1 056 898 647 Photograph
11%
Shawn Mendes 1 303 476 934 Stitches
11%
Silento 1 784 140 753 Watch Me
11%
Fifth Harmony 2 381 965 690 Work From Home
11%
Katy Perry 1 059 032 989 Bon Appétit
10%
Katy Perry 1 008 563 557 Hot N cold
10%
Eminem 1 472 318 980 Not Afraid
10%
The Weeknd 1 596 948 772 The Hills
10%
Nicky Jam 1 944 680 972 X
10%
Pedro Capo 2 133 236 326 Calma
9%
Axel F 2 568 846 732 Crazy Frog
9%
MAGIC! 1 931 191 530 Rude
9%
Bruno Mars 2 027 981 096 The Lazy Song
9%
Fifth Harmony 1 915 997 822 Worth It
9%
Marshmello 1 928 552 875 Alone
8%
Justin Timberlake 1 322 818 944 Can't Stop The Feeling
8%
The Chainsmokers 1 635 370 284 Don't Let Me Down
8%
James Arthur 1 212 547 165 Say You Won't Let Go
8%
Ariana Grande 1 849 627 020 Side To Side
8%
Clean Bandit 1 016 405 457 Symphony
8%
Pitbull 1 256 094 246 Timber
8%
Charlie Puth 2 565 131 796 We Don't Talk Anymore
8%
The Weeknd 1 135 467 979 Can't Feel My Face
7%
Enrique Iglesias 1 292 817 920 SUBEME LA RADIO
7%
Shawn Mendes 2 009 083 747 Treat You Better
7%
Lil Pump 1 082 100 255 Gucci Gang
6%
DJ Khaled 1 485 516 069 I'm the one
6%
Bruno Mars 1 559 148 412 Just The Way You Are
6%
TheChainsmokers 1 907 063 377 Something Just Like This
6%
Jason Derulo 1 566 232 645 Swalla
6%
Karol G 1 097 201 182 Tusa
6%
Meghan Trainor 2 419 911 102 All About That Bass
5%
Christina Perri 1 741 320 005 A Thousand Years
5%
BTS 1 093 027 985 Boy With Luv
5%
BTS 1 169 586 204 DNA
5%
Arctic Monkeys 1 095 230 196 Do I Wanna Know
5%
Sia 1 137 656 909 Elastic Heart
5%
Drake 1 693 759 845 Hotline Bling
5%
DJ Snake 1 015 555 956 Turn Down for What
5%
Migos 1 018 578 591 Bad and Boujee
4%
MC Fioti 1 578 086 671 Bum Bum Tam Tam
4%
Daddy Yankee 1 697 027 400 Dura
4%
Daddy Yankee 1 060 873 252 Limbo
4%
David Guetta 1 028 461 563 Play Hard
4%
6ix9ine 1 217 057 964 BEBE
3%
ROSALIA 1 704 769 354 Con Altura
3%
Luis Fonsi 2 073 061 221 Echame La Culpa
3%
Pink 1 246 614 160 Just Give Me A Reason
3%
Gun N'Roses 1 515 693 615 November Rain
3%
Becky G 1 837 369 662 Sin Pijama
3%
Calvin Harris 2 419 642 929 This Is What You Came For
3%
French Montana 1 177 192 118 Unforgettable
3%
Maluma 1 665 848 251 Felices los 4
2%
Becky G 1 925 479 893 Mayores
2%
Bad Bunny 1 123 971 506 Mia
2%
Bruno Mars 1 778 050 517 That's What I Like
2%
Sam Smith 1 233 544 033 Too Good At Goodbyes
2%
Jack U 1 161 193 011 Where Are U Now
2%
Taylor Swift 1 138 402 043 You Belong With Me
2%
J Balvin 1 735 102 019 Ay Vamos
1%
Shakira 1 085 731 304 Can't Remember to Forget You
1%
Anuel AA 1 600 109 206 China
1%
Post Malone 1 292 537 832 Congratulations
1%
Natti Natasha 2 161 967 079 Criminal
1%
El Chombo 3 011 336 352 Dame Tu Cosita
1%
BlackPink 1 444 482 980 Ddu Du Ddu Du
1%
Nicky Jam 1 467 210 604 Hasta el Amanecer
1%
Gente De Zona 1 293 160 069 La Gozadera
1%
Daddy Yankee 1 524 011 881 Shaky Shaky
1%
Ozuna 2 232 056 276 Te Bote
1%
Ricky Martin 1 672 743 068 Vente Pa'Ca
1%
J Balvin 1 078 827 948 6 AM
0%
Coldplay 1 131 896 701 Adventures Of Lifetime
0%
Chris Jeday 1 238 075 357 Ahora Dice
0%
Chinoy Nacho 1 544 472 297 Andas En Mi Cabeza
0%
BLACKPINK 1 076 633 154 Bombayah
0%
Maluma 1 509 574 653 Corazon
0%
Prince Royce 1 187 360 663 Darte un Beso
0%
Piso 21 1 586 176 486 Déjala Que Vuelva
0%
ZAYN 1 521 794 749 Dusk Tille Dawn
0%
Ozuna 1 530 834 648 El Farsante
0%
Maluma 1 211 390 799 El Perdedor
0%
AronChupa 1 200 558 542 I'm an Albatroz
0%
Ricky Martin 1 195 191 573 La Mordidita
0%
Taylor Swift 1 215 215 954 Look What Tou Made Me Do
0%
Laug Laachi 1 232 349 181 Mannat Noor
0%
Thalia 1 200 676 978 No Me Acuerdo
0%
MC Kevinho 1 111 925 623 Olha a Explosao
0%
Joey Montana 1 272 024 949 Picky
0%
Romeo Santos 1 677 159 674 Propuesta Indecente
0%
Pitbull 1 058 087 374 Rain Onver Me
0%
CNCO 1 613 965 519 Reggaeton Lento
0%
Guns N' Roses 1 179 506 570 Sweet Child O' Mine
0%
Tyga 1 096 101 882 Taste
0%
Gummibar 2 241 642 407 The Gummy Bear
0%
Aucun quiz correspondant
Distribution des résultats
% des personnes avec chaque résultat
Percentile par nombre de réponses
Votre historique - résultats
Vous n’avez pas pris ce quiz depuis la dernière actualisation